| 000 | 01137nam a2200337 4500 | ||
|---|---|---|---|
| 999 |
_c44369 _d44369 |
||
| 001 | 44369 | ||
| 003 | ES-MaCES | ||
| 005 | 20190510040007.0 | ||
| 008 | 140210s2013 sp |||||||||||||||||spa|d | ||
| 017 |
_aAB 349-2013 _bDL |
||
| 020 | _a9788415923077 | ||
| 040 |
_aES-MaCES _bspa _cES-MaCES |
||
| 100 | 1 |
_913782 _aGonzález de la Aleja, Ramón |
|
| 245 | 0 | 3 |
_aLa excedencia voluntaria laboral _b: un estudio de la figura jurídica actualizado tras las últimas reformas legales _cRamón González de la Aleja |
| 260 |
_aAlbacete _bBomarzo _c2013 |
||
| 300 |
_a231 p. _c24 cm |
||
| 490 | 1 | _aColección Estudios | |
| 504 | _aBibliografía: p. 227-231 | ||
| 541 | _cCompra | ||
| 650 | 4 |
_931240 _aexcedencia |
|
| 650 | 4 |
_929924 _aderechos de los trabajadores |
|
| 650 | 4 |
_929825 _areintegración |
|
| 650 | 4 |
_930887 _aprocedimiento laboral |
|
| 650 | 4 |
_927165 _aderecho del trabajo |
|
| 650 | 4 |
_929892 _areforma legislativa |
|
| 650 | 4 |
_926964 _aEspaña |
|
| 653 | 1 | 0 | _aDerecho del trabajo y Seguridad Social |
| 830 | 0 |
_aColección Estudios (Editorial Bomarzo) _939568 |
|
| 902 | _aLIB Libro | ||
| 942 |
_2CES _cBK _h6.0.1. |
||